Politique d'achat et gestion des approvisionnements
Gespeichert in:
| 1. Verfasser: | |
|---|---|
| Format: | Buch |
| Sprache: | Französisch |
| Veröffentlicht: |
Paris
DUNOD
2008
|
| Ausgabe: | 3e éd. |
| Schlagworte: | |
| Tags: |
Keine Tags, Fügen Sie das erste Tag hinzu!
|
MARC
| LEADER | 00000nam$a2200000$$$4500 | ||
|---|---|---|---|
| 001 | 0086481 | ||
| 005 | 20240314093205.5 | ||
| 020 | |a 978-2-10-051970-5 | ||
| 041 | 0 | |a fre | |
| 044 | |a FR | ||
| 245 | 1 | 0 | |a Politique d'achat et gestion des approvisionnements |c Olivier Bruel |
| 250 | |a 3e éd. | ||
| 264 | 1 | |a Paris |b DUNOD |c 2008 | |
| 300 | |a 266 s. | ||
| 610 | 2 | 0 | |a kúpa |
| 610 | 2 | 0 | |a nákup |
| 610 | 2 | 0 | |a zásobovanie |
| 610 | 2 | 0 | |a rozhodovanie strategické |
| 610 | 2 | 0 | |a politika obchodná |
| 610 | 2 | 0 | |a stratégia podniková |
| 610 | 2 | 0 | |a analýzy |
| 610 | 2 | 0 | |a zákazníci |
| 610 | 2 | 0 | |a komunikácia |
| 610 | 2 | 0 | |a marketing |
| 610 | 2 | 0 | |a dodávatelia |
| 610 | 2 | 0 | |a obstarávanie |
| 610 | 2 | 0 | |a internacionalizácia |
| 610 | 2 | 0 | |a technika obchodná |
| 610 | 2 | 0 | |a ponuka |
| 610 | 2 | 0 | |a ceny |
| 610 | 2 | 0 | |a kvalita |
| 610 | 2 | 0 | |a záruka |
| 610 | 2 | 0 | |a kontrola kvality |
| 610 | 2 | 0 | |a subdodávatelia |
| 610 | 2 | 0 | |a služby logistické |
| 610 | 2 | 0 | |a optimalizácia zásob |
| 610 | 2 | 0 | |a modely |
| 610 | 2 | 0 | |a sklady |
| 610 | 2 | 0 | |a systémy informačné |
| 610 | 2 | 0 | |a internet |
| 100 | 1 | |a Bruel, Olivier | |